000 00338nam a2200157Ia 4500
008 230605s1994 xx 000 0 und d
041 _aeng
100 _aCoward
245 _aWedding cakea
260 _bNew Holland Pub.
_c1994
_c1994
300 _a80
365 _b535
_h20
500 _a351
520 _aGeneral
650 _aF. P.
999 _c418057
_d418057